A course in academic writing / (Record no. 144940)

MARC details
000 -LEADER
fixed length control field 00537nam a22001817a 4500
005 - DATE AND TIME OF LATEST TRANSACTION
control field 20170920103359.0
010 ## - LCCN (DPL NO)
LC control number ENG-120453
020 ## - INTERNATIONAL STANDARD BOOK NUMBER
International Standard Book Number 9789386689634
Terms of availability 330.00
035 ## - SYSTEM CONTROL NUMBER
System control number EN-103985
037 ## - SOURCE OF ACQUISITION
Source of stock number/acquisition DBAD/PUB
082 ## - DEWEY DECIMAL CLASSIFICATION NUMBER
Classification number 808.42
100 ## - MAIN ENTRY--PERSONAL NAME
Personal name Gupta,Renu
245 ## - TITLE STATEMENT
Title A course in academic writing /
Statement of responsibility, etc by Renu Gupta
260 ## - PUBLICATION, DISTRIBUTION, ETC. (IMPRINT)
Place of publication, distribution, etc Hyderabad
Name of publisher, distributor, etc Orient Black Swan
Date of publication, distribution, etc 2017
270 ## - ADDRESS
Address 3-6-752,Himayantnagar
City Hyderabad(Telangana)
Postal code 500029
300 ## - PHYSICAL DESCRIPTION
Extent xv,177p.:.
Dimensions 24cm(pbk)
Other physical details ill.
942 ## - ADDED ENTRY ELEMENTS (KOHA)
Source of classification or shelving scheme Dewey Decimal Classification
Item type English Books
Classification part 808.042
Call number suffix GUP
Holdings
Withdrawn status Lost status Not for loan Collection code Home library Current library Date acquired Source of acquisition Cost, normal purchase price Full call number Barcode Copy number Cost, replacement price Koha item type
    Not For Loan Non-fiction D.B.Act.Division D.B.Act.Division 19/09/2017 DBAD/PUB 330.00 808.042 GUP EN-103985 1 330.00 English Books

© Delhi Public Library
Hit Counter
free hit counter